Arca Semalam

Bibliographic Details
Main Author: Lim Lai Sim
Other Authors: Mali Jaafar (Illustrator)
Format: Book
Published: Kuala Lumpur : Creative Enterprise Sdn.Bhd. , 1993
Series:Novel cretive
Subjects:

MARC

LEADER 00000cam a2200000 7i4500
001 0000009376
002 000010210
005 20000330.0
020 |a 9838930938 
090 0 0 |a F   |b LIM 
100 0 |a Lim Lai Sim 
245 1 0 |a Arca Semalam   |c Lim Lai Sim 
260 |a Kuala Lumpur :   |b Creative Enterprise Sdn.Bhd. ,   |c 1993 
300 |a 106p. ;   |c 16cm. 
490 0 |a Novel cretive 
650 0 0 |a Love stories 
700 0 |a Mali Jaafar ,   |e ill 
999 |a 044843   |b BUKU   |c PINJAMAN   |e PERPUSTAKAAN KOMUNITI CAW KOTA DAMANSARA